Europe - Countries by Capitals with Map - Statistics

General Stats
  • This quiz has been taken 1,364 times
    1,081 since last reset
  • The average score is 39 of 45
Answers on the Map
Answers color-coded by a green-red scale on the quiz's map according to % correct below.
 
Answer Stats
Capital Country % Correct
Athens Greece
99%
Amsterdam Netherlands
99%
Berlin Germany
98%
Andorra la Vella Andorra
96%
Brussels Belgium
95%
Paris France
95%
Moscow Russia
95%
London United Kingdom
95%
Dublin Ireland
94%
Luxembourg Luxembourg
94%
Monaco Monaco
94%
Madrid Spain
94%
Kyiv Ukraine
94%
Copenhagen Denmark
93%
Oslo Norway
93%
Lisbon Portugal
93%
Helsinki Finland
92%
Rome Italy
92%
Bern Switzerland
92%
Budapest Hungary
91%
San Marino San Marino
90%
Prague Czech Republic
89%
Reykjavík Iceland
88%
Stockholm Sweden
88%
Bucharest Romania
87%
Vatican City Vatican City
87%
Vienna Austria
85%
Minsk Belarus
84%
Warsaw Poland
84%
Belgrade Serbia
83%
Bratislava Slovakia
83%
Sofia Bulgaria
82%
Riga Latvia
78%
Ljubljana Slovenia
78%
Sarajevo Bosnia and Herzegovina
77%
Tallinn Estonia
75%
Chișinău Moldova
75%
Tirana Albania
72%
Zagreb Croatia
72%
Podgorica Montenegro
70%
Pristina Kosovo
69%
Skopje North Macedonia
69%
Valletta Malta
68%
Vilnius Lithuania
67%
Vaduz Liechtenstein
64%
No matching quizzes found
Score Distribution
Percent of People with Each Score
Percentile by Number Answered
Your Score History
You have not taken this quiz since the last reset